000 00843nab a2200265 u 4500
001 20658
003 HDC
007 cr bn ---aaaaa
008 210306c mydr|nes 0 a eng d
040 _aHDC
100 _aLum, Chee Hong
_eauthor
_97907
245 0 _aMIHAS 2016 raih jualan RM1.14 bilion/
_cby Lum Chee Hong
260 _aMalaysia :
_bBERITA HARIAN,
_c2016
300 _a2 pages
336 _atext
_2rdacontent
337 _acomputer
_2rdamedia
338 _aonline resource
_2rdacarrier
650 _aentrepreneur
_91863
650 _atrade sectors
_918575
710 _aBERITA HARIAN
856 _zRequest full-text at [email protected]
942 _2lcc
942 _cNEWS
942 _kNWSC 010316
999 _c17974
_d17974